To kill a mockingbird [DVD/videorecording] / ... Read More
Available copies
- 2 of 2 copies available at LARL/NWRL Consortium.
- 2 of 2 copies available at Northwest Regional Library. (Show preferred library)
Current holds
0 current holds with 2 total copies.
View other formats and editions
Show All Copies
| Location | Call Number / Copy Notes | Barcode | Shelving Location | Status | Due Date |
|---|---|---|---|---|---|
| Red Lake Falls Public Library | DVD TO (Text) | 35500003792429 | Main | Available | - |
| Thief River Falls Public Library | DVD TO (Text) | 35500006361859 | Main | Available | - |
Record details
- ISBN: 1417053682
- Physical Description: 2 videodiscs (130 min.) : sd., col. ; 4 3/4 in.
- Edition: Special ed.
- Publisher: Universal City, CA : Universal, 2005.
Content descriptions
| General Note: | Originally released as a motion picture in 1962. Based on the Pulitzer Prize winning novel written by Harper Lee. |
| Formatted Contents Note: | Disc 1: The film ; Bonus features: Academy Award ... Read More |
| Creation/Production Credits Note: | Director of photography, Russell Harlan ; film ... Read More |
| Participant or Performer Note: | Gregory Peck, Robert Duvall, Mary Badham, Philip ... Read More |
| Summary, etc.: | Gregory Peck plays a southern lawyer who defends a ... Read More |
| Target Audience Note: | MPAA rating: Not rated. |
| System Details Note: | DVD, region 1, widescreen presentation; Dolby ... Read More |
| Language Note: | English or French dialogue, English, French or ... Read More |
Search for related items by subject
| Subject: | Race discrimination > Drama. Racism > Drama. Trials (Rape) > Southern States > Drama. |
| Genre: | DVDs. Feature films. Video recordings for the hearing impaired. |
Search for related items by series
| LDR | 03408cgm a2200625Ia 4500 | ||
|---|---|---|---|
| 001 | 67872 | ||
| 003 | LARL_NWRL_CONSORTIUM | ||
| 005 | 20220223210936.0 | ||
| 007 | vd cvaizk | ||
| 008 | 050630s2005 cau130 g vleng d | ||
| 020 | . | ‡a1417053682 | |
| 024 | 1 | . | ‡a025192786624 |
| 024 | 1 | . | ‡a025192073663 (50th anniv. ed.) |
| 028 | 4 | 2. | ‡a27866 ‡bUniversal |
| 035 | . | ‡a(OCoLC)60781311 | |
| 041 | 1 | . | ‡aeng ‡afre ‡beng ‡bfre ‡bspa ‡heng |
| 082 | 0 | 4. | ‡a791.43/72 ‡222 |
| 090 | . | ‡aPS3562.E353 ‡bT62 2005 | |
| 245 | 0 | 0. | ‡aTo kill a mockingbird ‡h[DVD/videorecording] / ‡cscreenplay by Horton Foote ; produced by Alan J. Pakula ; directed by Robert Mulligan ; a Universal International presentation of a Pakula-Mulligan, Brentwood Productions picture. |
| 250 | . | ‡aSpecial ed. | |
| 260 | . | ‡aUniversal City, CA : ‡bUniversal, ‡c2005. | |
| 300 | . | ‡a2 videodiscs (130 min.) : ‡bsd., col. ; ‡c4 3/4 in. | |
| 490 | 0 | . | ‡aLegacy |
| 538 | . | ‡aDVD, region 1, widescreen presentation; Dolby Digital. | |
| 546 | . | ‡aEnglish or French dialogue, English, French or Spanish subtitles; closed-captioned. | |
| 511 | 1 | . | ‡aGregory Peck, Robert Duvall, Mary Badham, Philip Alford, Rosemary Murphy, John Megna, Frank Overton, Brock Peters, Alice Ghostley, William Windom. |
| 508 | . | ‡aDirector of photography, Russell Harlan ; film editor, Aaron Stell ; music, Elmer Bernstein. | |
| 500 | . | ‡aOriginally released as a motion picture in 1962. | |
| 500 | . | ‡aBased on the Pulitzer Prize winning novel written by Harper Lee. | |
| 521 | 8 | . | ‡aMPAA rating: Not rated. |
| 505 | 0 | . | ‡aDisc 1: The film ; Bonus features: Academy Award best actor acceptance speech; American Film Institute Life Achievement Award; excerpt from Academy Tribute to Gregory Peck; Scout remembers; feature commentary with director Robert Mulligan and producer Alan Pakula; theatrical trailer; production notes. -- Disc 2: A conversation with Gregory Peck / film by Cecilia Peck [et al.] ; produced & directed by Barbara Kopple (1999 ; 97 min.) ; Fearful symmetry: the making of To kill a mockingbird / a film by Charles Kiselyak. (1998 ; 90 min.) |
| 520 | . | ‡aGregory Peck plays a southern lawyer who defends a black man accused of rape in this film version of the Pulitzer Prize-winning novel. The way in which it captures a time, a place, and above all, a mood, makes this film a masterpiece. | |
| 650 | 0. | ‡aRace discrimination ‡vDrama. | |
| 650 | 0. | ‡aRacism ‡vDrama. | |
| 650 | 0. | ‡aTrials (Rape) ‡zSouthern States ‡vDrama. | |
| 655 | 0. | ‡aDVDs. | |
| 655 | 0. | ‡aFeature films. ‡0(LARL_NWRL_CONSORTIUM)175625 | |
| 655 | 0. | ‡aVideo recordings for the hearing impaired. ‡0(LARL_NWRL_CONSORTIUM)175744 | |
| 700 | 1 | . | ‡aMulligan, Robert, ‡d1925-2008. ‡0(LARL_NWRL_CONSORTIUM)90068 |
| 700 | 1 | . | ‡aFoote, Horton. ‡0(LARL_NWRL_CONSORTIUM)78768 |
| 700 | 1 | . | ‡aPakula, Alan J., ‡d1928-1998. ‡0(LARL_NWRL_CONSORTIUM)59503 |
| 700 | 1 | . | ‡aPeck, Gregory, ‡d1916-2003. ‡0(LARL_NWRL_CONSORTIUM)65544 |
| 700 | 1 | . | ‡aDuvall, Robert. ‡0(LARL_NWRL_CONSORTIUM)83555 |
| 700 | 1 | . | ‡aBadham, Mary, ‡d1952- ‡0(LARL_NWRL_CONSORTIUM)90058 |
| 700 | 1 | . | ‡aAlford, Phillip. ‡0(LARL_NWRL_CONSORTIUM)90085 |
| 700 | 1 | . | ‡aPeters, Brock. ‡0(LARL_NWRL_CONSORTIUM)96754 |
| 700 | 1 | . | ‡aPeck, Cecilia. ‡0(LARL_NWRL_CONSORTIUM)211643 |
| 700 | 1 | . | ‡aKopple, Barbara. ‡0(LARL_NWRL_CONSORTIUM)219012 |
| 700 | 1 | . | ‡aKiselyak, Charles. ‡0(LARL_NWRL_CONSORTIUM)147372 |
| 901 | . | ‡a67872 ‡bOCLC ‡c67872 ‡tbiblio | |

Add to basket
Permalink
Disable Highlighting